000 00269nam a2200121Ia 4500
008 190216s9999||||xx |||||||||||||| ||und||
100 _a"Verma,Agarwal"
245 0 _aInsurance
260 _bKing`S Books Delhi
_c2008
300 _a408
650 _aCommerce
942 _cBK
999 _c7607
_d7607